WW3 Fact Quiz - Statistics

General Stats
  • This quiz has been taken 172 times
  • The average score is 4 of 21
Answer Stats
Hint Answer % Correct
Invasion of the country of _______ considered to be the start of WW3 Ukraine
89%
Country that won this battle Russia
56%
2nd Russian city to be nuked by America St. Petersburg
45%
American city decimated by this weapon New York
38%
American leader famously elected in 2027 Donald Trump
36%
US state struck by Russia with nukes in retaliation California
34%
South American country that attempted to assassinate the Jazi leader Ecuador
20%
Name of alliance between Portugal, Britain and Greece Jazi
17%
Country temporarily split in half during WW3 Turkey
16%
Greek god that Russia's largest nuclear weapon was named after Poseidon
15%
West African country that unified with Portugal Guinea Bissau
13%
Country where the first battle that this alliance fought in took place Norway
13%
North American country which was a strong ally of Russia Dominican Republic
12%
Peninsula nuked in response by Russia Iberia
9%
Famous battle that ended WW3 on July 16, 2029 with Portugal unconditionally surrendering to Russia Battle of Lisbon
8%
Total casualties of WW3 175,000,000
6%
Russian city hit by an American nuke at the start of WW3 Chelyabinsk
4%
Island famously nuked in an order by Jason Miranda Hispaniola
4%
Name of Portugal's strongest nuke Lisbonina
4%
First ever country to utilize the "Dual Presidency" style of government Phillipines
3%
Alliance created by Jason Miranda after the collapse of NATO Global War Protection Group
2%
No matching quizzes found
Score Distribution
Percent of People with Each Score
Percentile by Number Answered
Your Score History
You have not taken this quiz